El linyera
Tallennettuna:
| Päätekijä: | |
|---|---|
| Aineistotyyppi: | Kirja |
| Kieli: | Undetermined |
| Julkaistu: |
Buenos Aires, Argentina
Sopena
1945
|
| Aiheet: | |
| Tagit: |
Lisää tagi
Ei tageja, Lisää ensimmäinen tagi!
|
MARC
| LEADER | 00000nam a2200000Ia 4500 | ||
|---|---|---|---|
| 008 | 170316s9999 xx 000 0 und d | ||
| 040 | |a cru BVZT | ||
| 090 | |a 860 L-6L | ||
| 100 | |a Lareta, Enrique | ||
| 245 | |a El linyera | ||
| 260 | |a Buenos Aires, Argentina | ||
| 260 | |b Sopena | ||
| 260 | |c 1945 | ||
| 300 | |a [s.páginas] | ||
| 650 | |a LITERATURA LATINOAMERICANA | ||
| 999 | |c 8892 |d 8892 | ||
| 942 | |c 15 D |h 860 L-6L |2 z | ||
